[Event "CZE-chT2E 0809"]
[Site "Czech Republic"]
[Date "2009.04.05"]
[Round "11.4"]
[White "Ciprys, David"]
[Black "Dvoulety, Pavel"]
[Result "0-1"]
[WhiteElo "2047"]
[BlackElo "2115"]
[PlyCount "53"]
[EventDate "2008.10.12"]
[EventType "team-tourn"]
[EventRounds "11"]
[EventCountry "CZE"]
[SourceTitle "EXT 2010"]
[Source "ChessBase"]
[SourceDate "2010.11.25"]
[SourceVersion "1"]
[SourceVersionDate "2010.11.25"]
[SourceQuality "1"]
[WhiteTeam "Postorna"]
[BlackTeam "Stare Mesto III"]
[WhiteTeamCountry "CZE"]
[BlackTeamCountry "CZE"]

1. e4 c5 2. Nf3 Nc6 3. d4 cxd4 4. Nxd4 e5 5. Nb5 a6 6. Nd6+ Bxd6 7. Qxd6 Qf6 8. Qd1 Qg6 9. Nc3 Nge7 10. h4 h5 11. Bg5 d5 12. exd5 Nb4 13. Rc1 Bf5 14. d6 f6 15. Be3 Rd8 16. Bb6 Nxc2+ 17. Rxc2 Bxc2 18. Qd2 Rd7 19. Rh3 Nc8 20. Bc7 Bf5 21. Rg3 Qf7 22. Be2 Qf8 23. Qe3 Nxd6 24. Qc5 Ne4 25. Nxe4 Qxc5 26. Nxc5 Rxc7 27. Nb3 0-1

[Event "Brno op-A"]
[Site "Brno"]
[Date "2007.07.05"]
[Round "5"]
[White "Kolomaznikova, Barbora"]
[Black "Ciprys, David"]
[Result "0-1"]
[WhiteElo "1831"]
[BlackElo "2023"]
[PlyCount "44"]
[EventDate "2007.07.01"]
[EventType "swiss"]
[EventRounds "9"]
[EventCountry "CZE"]
[SourceTitle "CBM 119 Extra"]
[Source "ChessBase"]
[SourceDate "2007.09.04"]
[SourceVersion "1"]
[SourceVersionDate "2007.09.04"]
[SourceQuality "1"]

1. d4 Nf6 2. Bg5 Ne4 3. Bf4 c5 4. c3 cxd4 5. cxd4 Qb6 6. Nc3 Qa5 7. Qc2 d5 8. a3 Nc6 9. e3 Bf5 10. Qc1 Rc8 11. f3 Nxc3 12. Qxc3 Qb6 13. Qd2 e6 14. Ne2 Be7 15. g4 Bg6 16. h4 h5 17. g5 0-0 18. Bg2 Na5 19. Nc1 Rc2 20. Qd1 Qxb2 21. Ra2 Qxc1 22. Rxc2 Qxc2 0-1

[Event "Brno Duras BVK op-A"]
[Site "Brno"]
[Date "2006.??.??"]
[Round "6"]
[White "Ciprys, David"]
[Black "Kuchynka, Lukas"]
[Result "1/2-1/2"]
[WhiteElo "1955"]
[BlackElo "2130"]
[PlyCount "61"]
[EventDate "2006.07.??"]
[EventType "swiss"]
[EventRounds "9"]
[EventCountry "CZE"]
[SourceTitle "EXT 2008"]
[Source "ChessBase"]
[SourceDate "2007.11.25"]
[SourceVersion "1"]
[SourceVersionDate "2007.11.25"]
[SourceQuality "1"]

1. e4 e5 2. Nf3 Nc6 3. Bb5 a6 4. Ba4 Nf6 5. d3 b5 6. Bb3 Be7 7. c3 d6 8. h3 0-0 9. Nbd2 Na5 10. Bc2 c5 11. Nf1 Nc6 12. g4 d5 13. Qe2 d4 14. Ng3 Ne8 15. Nf5 dxc3 16. bxc3 Nc7 17. Bb3 a5 18. a4 b4 19. Bd2 Ba6 20. Bc4 Bxc4 21. dxc4 Ne6 22. cxb4 cxb4 23. Be3 Bc5 24. Rd1 Qc7 25. Rd5 Bxe3 26. Qxe3 Nf4 27. Qc5 Rfe8 28. Nd6 Re7 29. Nb5 Qb7 30. Nd6 Qc7 31. Nb5 1/2-1/2